|
|
|
|
| LEADER |
01185nam a22003014a 4500 |
| 001 |
4254 |
| 003 |
BD-DhAAL |
| 005 |
20150920132137.0 |
| 008 |
150920s2003 nyu b 000 0 eng |
| 010 |
|
|
|a 2002038016
|
| 020 |
|
|
|a 0046691380
|
| 020 |
|
|
|a 0446529575
|
| 040 |
|
|
|a DLC
|c DLC
|d YDX
|d DLC
|d BD-DhAAL
|
| 050 |
0 |
0 |
|a HF5386
|b .M445 2003
|
| 082 |
0 |
0 |
|a 650.1
|2 21
|
| 100 |
1 |
|
|a Maxwell, John C.,
|d 1947-
|9 14894
|
| 245 |
1 |
0 |
|a Thinking for a change :
|b 11 ways highly successful people approach life and work /
|c John C. Maxwell.
|
| 260 |
|
|
|a New York :
|b Warner Books,
|c c2003.
|
| 300 |
|
|
|a xvii, 266 p. ;
|c 24 cm.
|
| 504 |
|
|
|a Includes bibliographical references.
|
| 541 |
|
|
|e 4254
|
| 650 |
|
0 |
|a Success in business.
|9 14895
|
| 650 |
|
0 |
|a Creative thinking.
|9 12169
|
| 650 |
|
0 |
|a Attitude change.
|9 14896
|
| 942 |
|
|
|2 ddc
|c BK
|
| 999 |
|
|
|c 35619
|d 35619
|
| 952 |
|
|
|0 0
|1 0
|2 ddc
|4 0
|6 650_100000000000000_MAX
|7 0
|9 56006
|a SCL
|b SCL
|c GEN
|d 2015-09-20
|g 825.00
|l 3
|m 11
|o 650.1 MAX
|p 3020004254
|r 2025-07-24
|s 2025-07-11
|t 1
|w 2015-09-20
|y BK
|
| 952 |
|
|
|0 0
|1 0
|2 ddc
|4 0
|6 650_100000000000000_MAX
|7 0
|9 56049
|a SCL
|b SCL
|c GEN
|d 2015-09-21
|g 825.00
|l 2
|m 9
|o 650.1 MAX
|p 3020005337
|r 2025-08-02
|s 2025-07-27
|t 2
|w 2015-09-21
|y BK
|